000 00430nam a22001577a 4500
005 20251108165320.0
008 250721s1987 xx 000 0 ara d
082 1 4 _a633.88/ودي
100 1 _aجبر، وديع
245 1 0 _aمعجم النباتات الطبية /
264 1 _aبيروت :
_bدار الجيل،
_c1987.
300 _a456ص
650 1 7 _aالنباتات الطبية
942 _2ddc
_cBK
999 _c24891
_d24891